[Event "Bad Wörishofen op 2012 28th"]
[Site "Bad Wörishofen (2.3.-10.3)"]
[Date "2012.03.03"]
[Round "2.78"]
[White "Santos, Paulo"]
[Black "Ellinger, Peter"]
[Result "1/2-1/2"]
[WhiteElo "1690"]
[BlackElo "1923"]
[PlyCount "52"]
[EventDate "2012.03.??"]
[EventType "swiss"]
[EventRounds "9"]
[EventCountry "GER"]
[SourceDate "2013.02.18"]
[WhiteTeam "Lechhausen SC"]
[BlackTeam "Lister Turm SK(DBSB)"]

1. e4 e5 2. Nf3 Nc6 3. Bb5 a6 4. Bxc6 dxc6 5. O-O Bg4 6. h3 h5 7. d3 Qf6 8.
Nbd2 Ne7 9. Re1 Bxf3 10. Nxf3 Ng6 11. Bg5 Qe6 12. Qe2 f6 13. Be3 c5 14. c3
O-O-O 15. Qc2 Bd6 16. a3 Ne7 17. d4 cxd4 18. cxd4 g5 19. dxe5 Bxe5 20. Nxe5
Qxe5 21. Rac1 Nc6 22. Red1 Rxd1+ 23. Rxd1 Rd8 24. Rxd8+ Nxd8 25. f3 Ne6 26. Qd2
c6 1/2-1/2

[Event "Bad Wörishofen op 2012 28th"]
[Site "Bad Wörishofen (2.3.-10.3)"]
[Date "2012.03.03"]
[Round "2.79"]
[White "Gerhards, Walter"]
[Black "Steinhart, Matthias"]
[Result "1-0"]
[WhiteElo "1805"]
[BlackElo "1586"]
[PlyCount "49"]
[EventDate "2012.03.??"]
[EventType "swiss"]
[EventRounds "9"]
[EventCountry "GER"]
[SourceDate "2013.02.18"]
[WhiteTeam "Ratinger SK"]
[BlackTeam "DBSB (Blindenschachbund)"]

1. e4 e5 2. Nf3 Nc6 3. Bb5 a6 4. Ba4 Nf6 5. O-O b5 6. Bb3 Bb7 7. Re1 Bc5 8. d3
d6 9. Nc3 b4 10. Nd5 Na5 11. Nxf6+ Qxf6 12. c3 Nxb3 13. Qxb3 a5 14. Bd2 Ba6 15.
d4 exd4 16. e5 dxe5 17. Qd5 O-O 18. Qxc5 dxc3 19. bxc3 Bb7 20. Nxe5 bxc3 21.
Bxc3 Qg5 22. g3 Rfd8 23. Qxc7 Bd5 24. Rad1 Rdc8 25. Qd6 1-0

[Event "Bad Wörishofen op 2012 28th"]
[Site "Bad Wörishofen (2.3.-10.3)"]
[Date "2012.03.03"]
[Round "2.80"]
[White "Lampert, Joshua"]
[Black "Strasser, Josef"]
[Result "0-1"]
[WhiteElo "1504"]
[BlackElo "1813"]
[PlyCount "62"]
[EventDate "2012.03.??"]
[EventType "swiss"]
[EventRounds "9"]
[EventCountry "GER"]
[SourceDate "2013.02.18"]
[WhiteTeam "Hamburger SK"]
[BlackTeam "München SU"]

1. e4 d5 2. exd5 Nf6 3. Bb5+ Bd7 4. Be2 Nxd5 5. d4 Bf5 6. Nf3 e6 7. O-O Be7 8.
a3 a5 9. c4 Nb6 10. Nc3 O-O 11. Be3 N8d7 12. Qd2 Nf6 13. Rfd1 Ne4 14. Nxe4 Bxe4
15. Rac1 Kh8 16. h3 Bc6 17. Ne5 Ba4 18. Re1 Nd7 19. Nxd7 Qxd7 20. Bf3 Bc6 21.
Bxc6 Qxc6 22. d5 exd5 23. cxd5 Qd7 24. Qc3 Bd6 25. Bd4 f6 26. Re4 Rfe8 27. Rh4
Qf5 28. Qb3 Qg5 29. Rxh7+ Kxh7 30. Qc2+ Kg8 31. Be3 Qxd5 0-1

[Event "Bad Wörishofen op 2012 28th"]
[Site "Bad Wörishofen (2.3.-10.3)"]
[Date "2012.03.03"]
[Round "2.81"]
[White "Haugg, Gerhard(63)"]
[Black "Sauerwein, Martin"]
[Result "1-0"]
[WhiteElo "1812"]
[BlackElo "1334"]
[PlyCount "71"]
[EventDate "2012.03.??"]
[EventType "swiss"]
[EventRounds "9"]
[EventCountry "GER"]
[SourceDate "2013.02.18"]
[WhiteTeam "Kötz/Ichenhausen Spgem"]
[BlackTeam "Kaufbeuren SC"]

1. d4 d5 2. Nf3 c6 3. Bf4 Bf5 4. e3 e6 5. Bd3 Bxd3 6. Qxd3 Nf6 7. Nbd2 Be7 8.
h3 O-O 9. O-O Bd6 10. Bg5 Be7 11. Qb3 Qb6 12. a4 Qxb3 13. Nxb3 Nbd7 14. a5 Rac8
15. Ne5 Rfe8 16. Nd3 Ne4 17. Bxe7 Rxe7 18. f3 Nef6 19. Nbc5 Nxc5 20. Nxc5 b6
21. axb6 axb6 22. Nd3 c5 23. c3 h6 24. Ra6 Rb7 25. Rfa1 c4 26. Ne5 Kf8 27. Ra7
Rcc7 28. Ra8+ Ke7 29. Rh8 Nd7 30. Raa8 Nxe5 31. dxe5 f6 32. Rae8+ Kd7 33. Rd8+
Ke7 34. Rde8+ Kd7 35. exf6 gxf6 36. Ra8 1-0

[Event "Bad Wörishofen op 2012 28th"]
[Site "Bad Wörishofen (2.3.-10.3)"]
[Date "2012.03.03"]
[Round "2.82"]
[White "Perlitz, Heiko"]
[Black "Malzer, Werner"]
[Result "1-0"]
[WhiteElo "1540"]
[BlackElo "1837"]
[PlyCount "89"]
[EventDate "2012.03.??"]
[EventType "swiss"]
[EventRounds "9"]
[EventCountry "GER"]
[SourceDate "2013.02.18"]
[WhiteTeam "Memmingen Post SV"]
[BlackTeam "Kirchenlaibach TSV"]

1. d4 d5 2. Nf3 e6 3. e3 c5 4. c3 c4 5. Nbd2 Nf6 6. Qc2 b5 7. e4 dxe4 8. Nxe4
Bb7 9. Nxf6+ gxf6 10. Be2 Bg7 11. O-O O-O 12. a4 a6 13. axb5 axb5 14. Rxa8 Bxa8
15. b3 Bd5 16. bxc4 bxc4 17. Ba3 Re8 18. Qa4 Nd7 19. Nd2 Qc7 20. Bxc4 Ra8 21.
Qb3 Rxa3 22. Qxa3 Bxc4 23. Nxc4 Qxc4 24. Rb1 Qd3 25. Qa1 Bh6 26. Qb2 Nf8 27. g3
e5 28. dxe5 fxe5 29. Re1 Ng6 30. Re2 e4 31. Qc2 Kf8 32. c4 Ne7 33. Qa2 f5 34.
c5 Qd5 35. Qxd5 Nxd5 36. c6 Ke7 37. Ra2 Kd6 38. Ra6 Nc7 39. Ra5 Nd5 40. Rxd5+
Kxc6 41. Rxf5 Bg7 42. Rf7 Bd4 43. Rxh7 e3 44. fxe3 Bxe3+ 45. Kg2 1-0

[Event "Bad Wörishofen op 2012 28th"]
[Site "Bad Wörishofen (2.3.-10.3)"]
[Date "2012.03.03"]
[Round "2.83"]
[White "Lochte, Szilvia"]
[Black "Fischer, Peter(57)"]
[Result "1-0"]
[WhiteElo "1814"]
[BlackElo "1436"]
[PlyCount "41"]
[EventDate "2012.03.??"]
[EventType "swiss"]
[EventRounds "9"]
[EventCountry "GER"]
[SourceDate "2013.02.18"]
[WhiteTeam "Starnberg SC"]
[BlackTeam "Memmingen Post SV"]

1. d4 d5 2. Bf4 e6 3. e3 Bd6 4. Bg3 Nd7 5. Nf3 Ngf6 6. Nbd2 Nf8 7. Bd3 Ng6 8.
c3 c6 9. Qe2 Qc7 10. Bxd6 Qxd6 11. h4 h5 12. Bxg6 fxg6 13. Qd3 Rh6 14. Ne5 Bd7
15. a4 Qe7 16. Nxg6 Qf7 17. Ne5 Qe7 18. b4 O-O-O 19. b5 c5 20. dxc5 Qxc5 21.
Nf7 1-0

[Event "Bad Wörishofen op 2012 28th"]
[Site "Bad Wörishofen (2.3.-10.3)"]
[Date "2012.03.03"]
[Round "2.84"]
[White "Russ, Oliver(76)"]
[Black "Urban, Rudolf"]
[Result "0-1"]
[WhiteElo "1491"]
[BlackElo "1836"]
[PlyCount "82"]
[EventDate "2012.03.??"]
[EventType "swiss"]
[EventRounds "9"]
[EventCountry "GER"]
[SourceDate "2013.02.18"]
[WhiteTeam "Schwarzenberg-Raschau SG"]
[BlackTeam "München RTA"]

1. e4 c6 2. d4 d5 3. exd5 cxd5 4. Nc3 Nf6 5. Nf3 e6 6. a3 Nc6 7. Be2 a6 8. Bf4
Be7 9. O-O O-O 10. Re1 Nh5 11. Be3 Nf6 12. Qd2 b5 13. b4 Bb7 14. Bd3 Rc8 15.
Ne2 Bd6 16. Bf4 Ne4 17. Qe3 Ne7 18. Bxd6 Qxd6 19. Ng5 Nf5 20. Qc1 h6 21. Bxe4
dxe4 22. Nh3 Nxd4 23. Nxd4 Qxd4 24. Rd1 Qc4 25. Rd2 Rc7 26. Qb2 Qc3 27. Qxc3
Rxc3 28. a4 bxa4 29. Rxa4 Rfc8 30. Ra2 Rb3 31. Ra1 Rb2 32. Kf1 Rxb4 33. Nf4 g5
34. Nh5 Bc6 35. Ke1 Bb5 36. Rad1 Kh7 37. h3 Rb2 38. Nf6+ Kg6 39. Nxe4 Rbxc2 40.
Nd6 Rxd2 41. Rxd2 Rc1+ 0-1

[Event "Bad Wörishofen op 2012 28th"]
[Site "Bad Wörishofen (2.3.-10.3)"]
[Date "2012.03.03"]
[Round "2.85"]
[White "Goede, Heiko"]
[Black "Di Cicco, Daniela"]
[Result "1-0"]
[WhiteElo "1750"]
[BlackElo "1071"]
[PlyCount "55"]
[EventDate "2012.03.??"]
[EventType "swiss"]
[EventRounds "9"]
[EventCountry "GER"]
[SourceDate "2013.02.18"]
[WhiteTeam "Sülz-Klettenberg SK"]
[BlackTeam "ITA/Italien"]
[BlackTeamCountry "ITA"]

1. Nf3 d5 2. d3 Nf6 3. Nbd2 h6 4. e4 dxe4 5. dxe4 e6 6. Be2 Be7 7. O-O O-O 8.
c3 b6 9. Qc2 Bb7 10. Re1 c5 11. a4 Qc7 12. h3 e5 13. Bf1 Nbd7 14. Nc4 Rad8 15.
Nh4 Rfe8 16. Nf5 Kh7 17. Nxe7 Rxe7 18. g4 g5 19. Bg2 Nf8 20. Ne3 Ng6 21. Nf5
Ree8 22. Be3 Bc6 23. f3 Nf4 24. Bf1 Kg6 25. h4 Kh7 26. hxg5 hxg5 27. Qh2+ Kg6
28. Qh6# 1-0

[Event "Bad Wörishofen op 2012 28th"]
[Site "Bad Wörishofen (2.3.-10.3)"]
[Date "2012.03.03"]
[Round "2.86"]
[White "Taufratshofer, Martin"]
[Black "Bangert, Ruediger"]
[Result "1-0"]
[WhiteElo "1854"]
[BlackElo "1463"]
[PlyCount "71"]
[EventDate "2012.03.??"]
[EventType "swiss"]
[EventRounds "9"]
[EventCountry "GER"]
[SourceDate "2013.02.18"]
[WhiteTeam "Obergünzburg SC"]
[BlackTeam "GER/Erlangen Siemens SG"]
[BlackTeamCountry "GER"]

1. d4 Nf6 2. Nf3 d6 3. h3 g6 4. Bf4 Bg7 5. e3 Bf5 6. Bd3 Bxd3 7. Qxd3 a6 8. O-O
O-O 9. a4 Nc6 10. Qb3 Na5 11. Qa2 b6 12. Bh2 c5 13. c3 Ne4 14. Rd1 c4 15. Nbd2
Nxd2 16. Nxd2 d5 17. b3 cxb3 18. Nxb3 Nc4 19. Nd2 Nxd2 20. Rxd2 Rc8 21. Rc2 e6
22. c4 Rxc4 23. Rxc4 dxc4 24. Qxc4 Qc8 25. Qb3 Qc6 26. Rb1 Rc8 27. Bg3 Bf8 28.
Qxb6 Qxa4 29. Be5 Rc6 30. Qd8 f5 31. Qf6 Qc4 32. Rb7 Qc1+ 33. Kh2 Rc7 34. Qh8+
Kf7 35. Qxh7+ Ke8 36. Rxc7 1-0

[Event "Bad Wörishofen op 2012 28th"]
[Site "Bad Wörishofen (2.3.-10.3)"]
[Date "2012.03.03"]
[Round "2.87"]
[White "Lang, Ludwig"]
[Black "Fenske, Wolfgang"]
[Result "0-1"]
[WhiteElo "1117"]
[BlackElo "1761"]
[PlyCount "74"]
[EventDate "2012.03.??"]
[EventType "swiss"]
[EventRounds "9"]
[EventCountry "GER"]
[SourceDate "2013.02.18"]
[WhiteTeam "Bobingen SK"]
[BlackTeam "Hamburg KSpr. SC"]

1. e4 c5 2. Nf3 Nc6 3. d4 cxd4 4. Nxd4 d6 5. Be2 Nf6 6. Nc3 g6 7. Nb3 Bg7 8.
O-O O-O 9. Rb1 Bd7 10. Bf3 Ne5 11. Be2 Rc8 12. f4 Nc6 13. a3 a6 14. Bf3 Qb6+
15. Kh1 Be6 16. Na4 Qa7 17. Qd3 b5 18. Be3 Qb7 19. Nb6 Rcd8 20. Qd2 Bg4 21. Na5
Nxa5 22. Qxa5 Bxf3 23. gxf3 e6 24. c4 bxc4 25. Nxc4 Rfe8 26. Qb6 Qxb6 27. Bxb6
Rd7 28. Rfd1 Rb8 29. Bd4 d5 30. Ne5 Rc7 31. Ng4 Nxg4 32. fxg4 dxe4 33. Bxg7
Kxg7 34. Kg2 Rc2+ 35. Kh3 Rb3+ 36. Kh4 Rxh2+ 37. Kg5 h6# 0-1

[Event "Bad Wörishofen op 2012 28th"]
[Site "Bad Wörishofen (2.3.-10.3)"]
[Date "2012.03.03"]
[Round "2.88"]
[White "Margraf, Christoph"]
[Black "Humburg, Eduard"]
[Result "1-0"]
[WhiteElo "1808"]
[BlackElo "1179"]
[PlyCount "41"]
[EventDate "2012.03.??"]
[EventType "swiss"]
[EventRounds "9"]
[EventCountry "GER"]
[SourceDate "2013.02.18"]
[WhiteTeam "Ansbach SC"]
[BlackTeam "Wolfratshausen SC"]

1. c4 c5 2. Nf3 Nc6 3. Nc3 e6 4. d4 cxd4 5. Nxd4 Bb4 6. Ndb5 a6 7. Nd6+ Bxd6 8.
Qxd6 Nge7 9. e4 O-O 10. Bd3 a5 11. O-O Ra6 12. c5 Ra8 13. Be3 Nb4 14. Bb1 Ra6
15. Qd2 e5 16. a3 Rg6 17. axb4 Nc6 18. b5 Nb4 19. Nd5 d6 20. Kh1 Be6 21. Nxb4
1-0

[Event "Bad Wörishofen op 2012 28th"]
[Site "Bad Wörishofen (2.3.-10.3)"]
[Date "2012.03.03"]
[Round "2.89"]
[White "Cerusico, Carlo"]
[Black "Mueller, Wolfgang(10.61)"]
[Result "0-1"]
[WhiteElo "1191"]
[BlackElo "1753"]
[PlyCount "63"]
[EventDate "2012.03.??"]
[EventType "swiss"]
[EventRounds "9"]
[EventCountry "GER"]
[SourceDate "2013.02.18"]
[WhiteTeam "ITA/Italien"]
[BlackTeam "Marktoberdorf SK"]
[WhiteTeamCountry "ITA"]

1. g3 d5 2. Bg2 e5 3. e3 Nf6 4. h3 Bd6 5. Ne2 O-O 6. O-O c6 7. d3 Re8 8. a3
Nbd7 9. b3 Nf8 10. Bb2 Bd7 11. Nd2 Qc8 12. Kh2 h6 13. Rc1 N8h7 14. f4 exf4 15.
exf4 Qd8 16. b4 a5 17. c3 Bf5 18. Nf3 Re3 19. Ne1 Qe7 20. Rc2 Re8 21. Rf2 Qc7
22. Bc1 R3e7 23. Bf3 Nf8 24. Rb2 axb4 25. axb4 Qb6 26. d4 Qa6 27. Kg2 N8d7 28.
Qb3 Ra8 29. Kh2 Nb6 30. Bg2 Nc4 31. Rb1 Bxb1 32. Qxb1 0-1

[Event "Bad Wörishofen op 2012 28th"]
[Site "Bad Wörishofen (2.3.-10.3)"]
[Date "2012.03.04"]
[Round "3.5"]
[White "Levin, Felix"]
[Black "Melamed, Tetyana"]
[Result "1/2-1/2"]
[WhiteElo "2472"]
[BlackElo "2332"]
[PlyCount "49"]
[EventDate "2012.03.??"]
[EventType "swiss"]
[EventRounds "9"]
[EventCountry "GER"]
[SourceDate "2013.02.18"]
[WhiteTeam "Mülheim-Nord SV"]
[BlackTeam "Magdeburg  Aufbau Elbe SG"]

1. Nf3 Nf6 2. c4 c5 3. Nc3 e6 4. g3 b6 5. Bg2 Bb7 6. O-O Be7 7. d4 cxd4 8. Qxd4
O-O 9. Rd1 Nc6 10. Qf4 d6 11. b3 Qb8 12. Bb2 a6 13. g4 Ne5 14. Nxe5 dxe5 15.
Qg3 Bxg2 16. Qxg2 Ra7 17. g5 Nd7 18. Ne4 Kh8 19. Rd3 f5 20. Rad1 fxe4 21. Rxd7
Rxd7 22. Rxd7 Qe8 23. Rd1 e3 24. fxe3 Rf5 25. h4 1/2-1/2

[Event "Bad Wörishofen op 2012 28th"]
[Site "Bad Wörishofen (2.3.-10.3)"]
[Date "2012.03.04"]
[Round "3.7"]
[White "Meister, Jakob"]
[Black "Steinbacher, Matthias Dr"]
[Result "0-1"]
[WhiteElo "2429"]
[BlackElo "2242"]
[PlyCount "127"]
[EventDate "2012.03.??"]
[EventType "swiss"]
[EventRounds "9"]
[EventCountry "GER"]
[SourceDate "2013.02.18"]
[WhiteTeam "Berlin Zehlendorf SK"]
[BlackTeam "Gerresheim SF"]

1. e4 c5 2. Nf3 d6 3. d4 cxd4 4. Nxd4 Nf6 5. Nc3 a6 6. Bc4 e6 7. Bb3 b5 8. Bg5
Be7 9. Qf3 Qb6 10. Be3 Qb7 11. Qg3 Bd7 12. f3 Nc6 13. Nxc6 Bxc6 14. Ne2 a5 15.
c3 O-O 16. Bh6 Ne8 17. O-O Kh8 18. Be3 a4 19. Bc2 e5 20. a3 Nc7 21. Rad1 Rad8
22. Nc1 Bd7 23. Rd2 Be6 24. Rfd1 f6 25. Nd3 Na6 26. Qf2 f5 27. exf5 Bxf5 28.
Qe2 Be6 29. Qe1 Nc7 30. Nb4 d5 31. Bf2 Bg5 32. Re2 e4 33. Bh4 exf3 34. gxf3
Bxh4 35. Qxh4 Bg8 36. Re7 Qb6+ 37. Kh1 Rde8 38. Rxe8 Rxe8 39. Re1 Qf6 40. Qg3
Rxe1+ 41. Qxe1 Qxf3+ 42. Kg1 d4 43. Qe4 Qxe4 44. Bxe4 dxc3 45. bxc3 Bc4 46. Kf2
g5 47. Ke3 Kg7 48. Kd4 Ne6+ 49. Ke5 Nf4 50. Bf3 h6 51. Nc6 Ne2 52. Bxe2 Bxe2
53. Ne7 Bd3 54. Kd4 Kf7 55. Nc8 Bf1 56. Ke5 Kg6 57. Nd6 Kh5 58. Kf6 Bd3 59. Nf7
Be4 60. Ne5 g4 61. Ng6 g3 62. hxg3 Kg4 63. Ne7 Kxg3 64. Nf5+ 0-1

[Event "Bad Wörishofen op 2012 28th"]
[Site "Bad Wörishofen (2.3.-10.3)"]
[Date "2012.03.04"]
[Round "3.8"]
[White "Friedrich, Norbert(66)"]
[Black "Meijers, Viesturs"]
[Result "0-1"]
[WhiteElo "2292"]
[BlackElo "2443"]
[PlyCount "102"]
[EventDate "2012.03.??"]
[EventType "swiss"]
[EventRounds "9"]
[EventCountry "GER"]
[SourceDate "2013.02.18"]
[WhiteTeam "Waldshut-Tiengen SG"]
[BlackTeam "Aue Nickelhütte ESV"]

1. e4 c5 2. Nf3 e6 3. c3 d5 4. exd5 Qxd5 5. d4 Nf6 6. Be2 Nc6 7. O-O Be7 8. c4
Qd8 9. dxc5 Qxd1 10. Rxd1 Ne4 11. Be3 Bxc5 12. Bxc5 Nxc5 13. Nc3 Ke7 14. Nd4
Bd7 15. Nxc6+ Bxc6 16. b4 Na4 17. Rac1 Rac8 18. Kf1 a6 19. Rd2 Rhd8 20. Rxd8
Rxd8 21. Nxa4 Bxa4 22. Bf3 b6 23. Rc3 Rd4 24. Ra3 b5 25. Be2 Rd2 26. Ke1 Rb2
27. cxb5 axb5 28. Rg3 Rxb4 29. Rxg7 Rb1+ 30. Kd2 Rb2+ 31. Ke3 b4 32. Rg4 Bc6
33. Bd1 Kd6 34. Bb3 Kc5 35. Rc4+ Kb5 36. Rc2 Rxc2 37. Bxc2 h6 38. g3 Kc4 39.
Kd2 Kd4 40. Bb3 Ke4 41. Ke2 Bb5+ 42. Kd2 Kf3 43. Ke1 Bc6 44. Bd1+ Kg2 45. h4
Bd5 46. Bb3 Bxb3 47. axb3 Kf3 48. Kf1 f6 49. Ke1 f5 50. Kf1 h5 51. Ke1 e5 0-1

[Event "Bad Wörishofen op 2012 28th"]
[Site "Bad Wörishofen (2.3.-10.3)"]
[Date "2012.03.04"]
[Round "3.9"]
[White "Mainka, Romuald"]
[Black "Rahls, Peter"]
[Result "1-0"]
[WhiteElo "2432"]
[BlackElo "2101"]
[PlyCount "65"]
[EventDate "2012.03.??"]
[EventType "swiss"]
[EventRounds "9"]
[EventCountry "GER"]
[SourceDate "2013.02.18"]
[WhiteTeam "Dortmund Hansa SC"]
[BlackTeam "Berlin Zehlendorf SK"]

1. e4 c5 2. Nf3 e6 3. Nc3 a6 4. g3 b5 5. Bg2 Bb7 6. d3 d6 7. O-O Nd7 8. Ng5 Be7
9. Nh3 Qc7 10. f4 Ngf6 11. Qe2 O-O 12. g4 b4 13. Nd1 Ne8 14. Ne3 Nb6 15. g5 d5
16. f5 dxe4 17. dxe4 Bd6 18. Ng4 exf5 19. exf5 Bxg2 20. Qxg2 Be5 21. Bf4 Bxf4
22. Rxf4 Rd8 23. Re1 Kh8 24. Rfe4 Qd7 25. Ne5 Qc8 26. g6 Nd6 27. Ng5 Nxe4 28.
Nexf7+ Rxf7 29. Nxf7+ Kg8 30. Qxe4 Rf8 31. gxh7+ Kxh7 32. f6+ Kg8 33. Ng5 1-0

[Event "Bad Wörishofen op 2012 28th"]
[Site "Bad Wörishofen (2.3.-10.3)"]
[Date "2012.03.04"]
[Round "3.10"]
[White "Pfretzschner, Roland"]
[Black "Andreev, Eduard"]
[Result "1/2-1/2"]
[WhiteElo "2166"]
[BlackElo "2547"]
[PlyCount "88"]
[EventDate "2012.03.??"]
[EventType "swiss"]
[EventRounds "9"]
[EventCountry "GER"]
[SourceDate "2013.02.18"]
[WhiteTeam "Plauen König SK"]
[BlackTeam "UKR/Ukraine"]
[BlackTeamCountry "UKR"]

1. e4 c5 2. Nf3 d6 3. Bb5+ Nd7 4. d4 cxd4 5. Qxd4 a6 6. Bxd7+ Bxd7 7. Bg5 h6 8.
Bh4 Rc8 9. Nc3 e5 10. Qd3 g5 11. Bg3 Be6 12. h4 g4 13. Nd2 Nf6 14. h5 Qc7 15.
O-O-O b5 16. Kb1 b4 17. Nd5 Nxd5 18. exd5 Bd7 19. f4 gxf3 20. gxf3 Rg8 21. Ne4
Bg7 22. f4 f5 23. Nxd6+ Qxd6 24. fxe5 Qc5 25. Rh2 Qc4 26. e6 Qxd3 27. exd7+
Kxd7 28. Rxd3 Be5 29. Rh3 Bxg3 30. Rhxg3 f4 31. Rxg8 Rxg8 32. a3 bxa3 33. Rxa3
Rf8 34. Rf3 Kd6 35. c4 Ke5 36. Kc2 Rf5 37. Kd3 Rxh5 38. d6 Kxd6 39. Rxf4 Kc5
40. Rf6 Rh3+ 41. Ke4 Rh4+ 42. Kf3 a5 43. Rf5+ Kb4 44. Rb5+ Kxc4 1/2-1/2

[Event "Bad Wörishofen op 2012 28th"]
[Site "Bad Wörishofen (2.3.-10.3)"]
[Date "2012.03.04"]
[Round "3.11"]
[White "Gutman, Lev"]
[Black "Gaerths, Ronny"]
[Result "1-0"]
[WhiteElo "2435"]
[BlackElo "2184"]
[PlyCount "45"]
[EventDate "2012.03.??"]
[EventType "swiss"]
[EventRounds "9"]
[EventCountry "GER"]
[SourceDate "2013.02.18"]
[WhiteTeam "Lingen SV"]
[BlackTeam "Kreuzberg SC"]

1. Nf3 d6 2. d4 Bg4 3. c4 Bxf3 4. exf3 g6 5. g3 Bg7 6. Bg2 c6 7. Nc3 e6 8. d5
exd5 9. cxd5 Ne7 10. O-O O-O 11. Re1 Nxd5 12. Nxd5 cxd5 13. f4 Nc6 14. Bxd5 Qa5
15. Be3 Bxb2 16. Rb1 Bc3 17. Re2 Rac8 18. h4 Ne7 19. Be4 d5 20. Bd3 Nc6 21. h5
Qc7 22. hxg6 fxg6 23. Qb3 1-0

[Event "Bad Wörishofen op 2012 28th"]
[Site "Bad Wörishofen (2.3.-10.3)"]
[Date "2012.03.04"]
[Round "3.13"]
[White "Zude, Arno"]
[Black "Babar, Michael"]
[Result "1/2-1/2"]
[WhiteElo "2413"]
[BlackElo "2161"]
[PlyCount "81"]
[EventDate "2012.03.??"]
[EventType "swiss"]
[EventRounds "9"]
[EventCountry "GER"]
[SourceDate "2013.02.18"]
[WhiteTeam "Hofheim(Taunus) SV"]
[BlackTeam "Dortmund Hansa SC"]

1. e4 c5 2. Nf3 d6 3. d4 cxd4 4. Nxd4 Nf6 5. Nc3 g6 6. Be3 Bg7 7. f3 O-O 8. Qd2
Nc6 9. Bc4 Bd7 10. Bb3 Na5 11. O-O-O Rb8 12. h4 b5 13. h5 Nc4 14. Bxc4 bxc4 15.
h6 Bh8 16. g4 Qb6 17. b3 Qb4 18. Nb1 cxb3 19. Qxb4 Rxb4 20. axb3 Rc8 21. c3 Ne8
22. Kb2 Rb7 23. Nd2 Nc7 24. Ra1 Ne6 25. Ra5 Rbc7 26. Nb1 Nxd4 27. Bxd4 Bxd4 28.
cxd4 Rc2+ 29. Ka3 R8c7 30. Rd1 f6 31. e5 Rb7 32. exd6 exd6 33. Ra6 Rf2 34. Nd2
d5 35. Rxf6 Rb8 36. Rd6 Bb5 37. Rxd5 Be2 38. Re1 Bxf3 39. Rd7 Rxd2 40. Ree7 Rd3
41. Rg7+ 1/2-1/2

[Event "Bad Wörishofen op 2012 28th"]
[Site "Bad Wörishofen (2.3.-10.3)"]
[Date "2012.03.04"]
[Round "3.14"]
[White "Lampert, Jonas"]
[Black "Kuijf, Marinus"]
[Result "1/2-1/2"]
[WhiteElo "2216"]
[BlackElo "2393"]
[PlyCount "64"]
[EventDate "2012.03.??"]
[EventType "swiss"]
[EventRounds "9"]
[EventCountry "GER"]
[SourceDate "2013.02.18"]
[WhiteTeam "Hamburger SK"]
[BlackTeam "Münster 32 SK"]

1. e4 e6 2. d4 d5 3. Nc3 Nf6 4. e5 Nfd7 5. f4 c5 6. Nf3 Nc6 7. Be3 a6 8. Qd2
cxd4 9. Nxd4 Bc5 10. O-O-O O-O 11. Qf2 Bxd4 12. Bxd4 b5 13. Be3 Qa5 14. Kb1 b4
15. Ne2 Qc7 16. Nd4 Nxd4 17. Bxd4 a5 18. h4 f6 19. exf6 Nxf6 20. g3 Ne4 21. Qe3
Bb7 22. Bd3 Rfc8 23. Be5 Qf7 24. Bxe4 dxe4 25. h5 h6 26. Rh4 Rd8 27. Rd4 Qf5
28. g4 Qf8 29. Rh1 Rxd4 30. Bxd4 Rd8 31. g5 hxg5 32. h6 gxh6 1/2-1/2

[Event "Bad Wörishofen op 2012 28th"]
[Site "Bad Wörishofen (2.3.-10.3)"]
[Date "2012.03.04"]
[Round "3.15"]
[White "Vasilevich, Tatjana"]
[Black "Leiber, Bernard"]
[Result "1/2-1/2"]
[WhiteElo "2379"]
[BlackElo "2119"]
[PlyCount "20"]
[EventDate "2012.03.??"]
[EventType "swiss"]
[EventRounds "9"]
[EventCountry "GER"]
[SourceDate "2013.02.18"]
[WhiteTeam "Aue Nickelhütte ESV"]
[BlackTeam "Osnabrück SV"]

1. d4 Nf6 2. c4 g6 3. Nc3 Bg7 4. e4 d6 5. f3 O-O 6. Bg5 Nc6 7. Be2 a6 8. Qd2
Rb8 9. O-O-O Bd7 10. Kb1 e5 1/2-1/2

[Event "Bad Wörishofen op 2012 28th"]
[Site "Bad Wörishofen (2.3.-10.3)"]
[Date "2012.03.04"]
[Round "3.16"]
[White "Felgendreher, Heiko"]
[Black "Ivanov, Mikhail M(69)"]
[Result "1/2-1/2"]
[WhiteElo "2142"]
[BlackElo "2368"]
[PlyCount "42"]
[EventDate "2012.03.??"]
[EventType "swiss"]
[EventRounds "9"]
[EventCountry "GER"]
[SourceDate "2013.02.18"]
[WhiteTeam "Mörlenbach-Birkenau FB"]
[BlackTeam "Bad Mergentheim SF"]

1. e4 d5 2. exd5 Qxd5 3. Nc3 Qd6 4. d4 Nf6 5. Be2 g6 6. Nf3 Bg7 7. Bg5 O-O 8.
O-O a6 9. Qd2 b5 10. Bf4 Qb6 11. a4 b4 12. Na2 a5 13. Nc1 Bb7 14. c4 c5 15.
dxc5 Qc6 16. Nb3 Nbd7 17. Nbd4 Qxc5 18. Nb5 Rfd8 19. Rad1 Ne4 20. Qc2 e5 21.
Be3 Qe7 1/2-1/2

[Event "Bad Wörishofen op 2012 28th"]
[Site "Bad Wörishofen (2.3.-10.3)"]
[Date "2012.03.04"]
[Round "3.18"]
[White "Sonnhalter, Stella"]
[Black "Buchal, Stephan"]
[Result "0-1"]
[WhiteElo "1889"]
[BlackElo "2264"]
[PlyCount "70"]
[EventDate "2012.03.??"]
[EventType "swiss"]
[EventRounds "9"]
[EventCountry "GER"]
[SourceDate "2013.02.18"]
[WhiteTeam "Heusweiler Reti SC"]
[BlackTeam "Werder Bremen SV"]

1. e4 g6 2. d4 Bg7 3. Nc3 d6 4. f4 a6 5. Nf3 b5 6. Bd3 Nd7 7. e5 c5 8. Ng5 cxd4
9. e6 f5 10. exd7+ Bxd7 11. Ne2 e5 12. Ng3 Nf6 13. O-O e4 14. N5xe4 fxe4 15.
Nxe4 O-O 16. Bd2 Nd5 17. Qf3 Qb6 18. Rae1 Ne3 19. Bxe3 dxe3 20. c3 Rae8 21. Ng5
Bc6 22. Qg3 Rf6 23. Kh1 Qc5 24. Nf3 b4 25. f5 bxc3 26. fxg6 Bxf3 27. gxh7+ Kh8
28. gxf3 Qd5 29. Rg1 Qf7 30. Bg6 Qxg6 31. Qxg6 Rxg6 32. Rxg6 cxb2 33. Kg2 Bc3
34. Rg8+ Rxg8+ 35. hxg8=Q+ Kxg8 0-1

[Event "Bad Wörishofen op 2012 28th"]
[Site "Bad Wörishofen (2.3.-10.3)"]
[Date "2012.03.04"]
[Round "3.20"]
[White "Espig, Lutz"]
[Black "Reitz, Rolf"]
[Result "1-0"]
[WhiteElo "2271"]
[BlackElo "1957"]
[PlyCount "95"]
[EventDate "2012.03.??"]
[EventType "swiss"]
[EventRounds "9"]
[EventCountry "GER"]
[SourceDate "2013.02.18"]
[WhiteTeam "Plauen König SK"]
[BlackTeam "Sülz-Klettenberg SK"]

1. Nf3 Nf6 2. c4 g6 3. d4 Bg7 4. g3 O-O 5. Bg2 d5 6. O-O Nc6 7. cxd5 Nxd5 8.
Nc3 Nb6 9. e3 e5 10. d5 Ne7 11. e4 Bg4 12. h3 Bxf3 13. Qxf3 c6 14. Rd1 cxd5 15.
exd5 Nc4 16. d6 Nf5 17. Qxb7 Rb8 18. Qxa7 Nxb2 19. Bxb2 Rxb2 20. a4 Nd4 21. Qc7
Rb6 22. a5 Rxd6 23. Qxd8 Rfxd8 24. a6 Ne2+ 25. Kf1 Nxc3 26. Rxd6 Rxd6 27. a7
Rd8 28. a8=Q Rxa8 29. Rxa8+ Bf8 30. Bc6 Kg7 31. Rb8 Na2 32. Rb7 Nb4 33. Be8 Nd3
34. Rxf7+ Kg8 35. Rd7 e4 36. Bf7+ Kh8 37. f4 Bc5 38. h4 Nf2 39. h5 gxh5 40.
Bxh5 e3 41. Bf3 Bb6 42. Ke2 Bc5 43. Rf7 Bb6 44. Re7 Nh3 45. Bg4 Nf2 46. Bf5 h5
47. Rh7+ Kg8 48. Rxh5 1-0